U.S. College Towns - Statistics

General Stats
  • This quiz has been taken 29,270 times
  • The average score is 14 of 24
Answer Stats
School City % Correct
Texas Austin
82%
Michigan Ann Arbor
77%
USC Los Angeles
76%
Georgetown Washington, DC
72%
Brown Providence
71%
Wisconsin Madison
70%
Duke Durham
66%
Colorado Boulder
64%
Harvard Cambridge, MA
63%
Tulane New Orleans
63%
Johns Hopkins Baltimore
59%
Vanderbilt Nashville
59%
North Carolina Chapel Hill
58%
Yale New Haven, CT
55%
Morehouse Atlanta
53%
Notre Dame South Bend
53%
Georgia Athens
52%
Brigham Young Provo
52%
Carnegie Mellon Pittsburgh
51%
Baylor Waco
46%
Northwestern Evanston, IL
38%
Case Western Cleveland
32%
Kansas Lawrence
32%
Oregon State Corvallis
27%
No matching quizzes found
Score Distribution
Percent of People with Each Score
Percentile by Number Answered
Your Score History
You have not taken this quiz